Laddar...
Plant Tissue Culture
| Huvudupphovsman: | |
|---|---|
| Materialtyp: | Printed Book |
| Publicerad: |
Ludhiana
Kalyani publishers
2011
|
| Ämnen: |
| LEADER | 00480nam a22001457a 4500 | ||
|---|---|---|---|
| 020 | |a 9788127240486 (pbk) | ||
| 082 | |a 571.538 KHA/PL | ||
| 100 | |a Khanna,V. K. | ||
| 245 | |a Plant Tissue Culture | ||
| 260 | |a Ludhiana |b Kalyani publishers |c 2011 | ||
| 300 | |a 217p. | ||
| 650 | |a Tissue culture | ||
| 942 | |c BK | ||
| 999 | |c 165635 |d 165635 | ||
| 952 | |0 0 |1 0 |4 0 |6 571_538000000000000_KHA_PL |7 0 |9 167781 |a KAUCOAP |b KAUCOAP |c GEN |d 2013-07-20 |g 160.00 |o 571.538 KHA/PL |p KAU_COAP08588 |r 2013-07-20 |w 2013-07-20 |y BK | ||